PTEE 2002 : Proceedings

Gespeichert in:
Bibliographische Detailangaben
Körperschaft: The 3rd Conference Physics Teaching in Engineering Education Belgium, Leuven
Format: Tagungsbericht Paket Buch
Sprache:Englisch
Veröffentlicht: Leuven, 2002
Schlagworte:
Tags: Tag hinzufügen
Keine Tags, Fügen Sie das erste Tag hinzu!

MARC

LEADER 00000npm a22000003a 4500
001 stu76158
005 20150408175518.8
008 020619s2002----be------------------eng-d
020 |a 90-5682-359-0 
040 |a STU  |b slo 
041 0 |a eng 
044 |a be 
080 |a 53:37 
111 2 |a The 3rd Conference Physics Teaching in Engineering Education  |d (5-7 June 2002 :  |c Belgium, Leuven) 
245 |a PTEE 2002 :  |b Proceedings 
260 |a Leuven,  |c 2002 
650 7 |a fyzika  |2 stusub 
996 |b 284M050118  |c M*CD-280  |l MMKN  |s A  |a 24  |w stu76158_0001